NFL Draft 2013 Quarterbacks Drafted - Statistics

General Stats
  • This quiz has been taken 18 times
  • The average score is 3 of 11
Answer Stats
Round Player Team College % Correct
2 Geno Smith Jets West Virginia
88%
1 EJ Manuel Bills Florida State
71%
3 Mike Glennon Buccaneers North Carolina State
47%
4 Landry Jones Steelers Oklahoma
35%
4 Ryan Nassib Giants Syracuse
29%
4 Matt Barkley Eagles USC
18%
7 Zac Dysert Broncos Miami (OH)
18%
7 Sean Renfree Falcons Duke
12%
7 B.J. Daniels 49ers South Florida
6%
7 Brad Sorensen Chargers Southern Utah
6%
4 Tyler Wilson Raiders Arkansas
6%
No matching quizzes found
Score Distribution
Percent of People with Each Score
Percentile by Number Answered
Your Score History
You have not taken this quiz